[Event "AUTO-OPEN-2217"]
[Site "http://www.queenalice.com/game.php?id=880961"]
[Date "2011.1.4"]
[Round "1"]
[White "Sinergia"]
[Black "jlosar"]
[Result "1-0"]
[WhiteElo "1904"]
[BlackElo "1331"]

1. Nf3 c5 2. g3 e6 3. Bg2 Nc6 4. c3 Nf6 5. d3 Qa5 6. Bd2 c4 7. dxc4 b6 8. b4 Qf5
9. Nh4 Qe5 10. Bf4 Qh5 11. Bf3 Qxf3 12. Nxf3 d5 13. Bg5 Ne4 14. cxd5 exd5 15.
Qxd5 Bd7 16. Qxe4+ Be7 17. Bxe7 Nxe7 18. Qxa8+ Bc8 19. Qxa7 O-O 20. Qxe7 h5 21.
Ne5 f6 22. Ng6 Rf7 23. Qe8+ Kh7 24. Qxf7 Bf5 25. Nf4 1-0

[Event "AUTO-OPEN-2217"]
[Site "http://www.queenalice.com/game.php?id=880962"]
[Date "2011.1.4"]
[Round "1"]
[White "jlosar"]
[Black "Sinergia"]
[Result "0-1"]
[WhiteElo "1336"]
[BlackElo "1902"]

1. d4 Nf6 2. Bg5 e6 3. e4 Be7 4. e5 Nd5 5. h4 h6 6. Nc3 hxg5 7. Qg4 Nxc3 8. bxc3
c5 9. d5 Qa5 10. d6 Qxc3+ 11. Ke2 Qxe5+ 12. Kd1 Qxa1+ 13. Ke2 Bxd6 14. Qxg5 g6
15. Nf3 Rh5 16. Qd2 Rd5 17. Qh6 Qd1+ 18. Ke3 Qc1+ 19. Nd2 Qxd2+ 20. Ke4 Qxh6 21.
g4 f5+ 22. gxf5 Qf4# 0-1

[Event "AUTO-OPEN-2217"]
[Site "http://www.queenalice.com/game.php?id=880983"]
[Date "2011.1.4"]
[Round "1"]
[White "ozzyvegeta"]
[Black "jlosar"]
[Result "1-0"]
[WhiteElo "1962"]
[BlackElo "1310"]

1. e4 e5 2. Nf3 f6 3. Nxe5 fxe5 4. Qh5+ g6 5. Qxe5+ Qe7 6. Qxh8 Qxe4+ 7. Kd1 Ne7
8. Qxh7 Nbc6 9. d3 Qg4+ 10. f3 Qf5 11. Nc3 b6 12. Bh6 Ba6 13. Bxf8 Qxf8 14. Kd2
Nd4 15. Re1 O-O-O 16. Rxe7 Qf4+ 17. Kd1 Nf5 18. Rf7 Ne3+ 19. Ke2 Qe5 20. Re7 Qc5
21. Rxe3 d5 22. Re5 c6 23. Kd2 b5 24. g3 b4 25. Bh3+ Kb8 26. Nd1 Qa5 27. Qe7 b3+
28. Nc3 c5 29. Rhe1 d4 30. Qxd8+ Qxd8 31. Re8 dxc3+ 32. Kxc3 Qxe8 33. Rxe8+ Kb7
34. axb3 c4 35. dxc4 Kc6 36. Re6+ Kb7 37. Rxg6 Kc7 38. f4 Bb7 39. f5 1-0

[Event "AUTO-OPEN-2217"]
[Site "http://www.queenalice.com/game.php?id=880984"]
[Date "2011.1.4"]
[Round "1"]
[White "jlosar"]
[Black "ozzyvegeta"]
[Result "0-1"]
[WhiteElo "1263"]
[BlackElo "1989"]

1. d4 d5 2. Bg5 Nf6 3. Nf3 e6 4. e3 Be7 5. Bb5+ c6 6. Ba4 O-O 7. Ne5 Nbd7 8. f4
Ne4 9. h4 Nxe5 10. fxe5 Bxg5 11. Qg4 Bxe3 12. Rf1 Qa5+ 13. Nc3 Nxc3 14. bxc3
Qxc3+ 15. Kd1 Qd2# 0-1

[Event "AUTO-OPEN-2217"]
[Site "http://www.queenalice.com/game.php?id=880997"]
[Date "2011.1.4"]
[Round "1"]
[White "jlosar"]
[Black "sasquatico"]
[Result "0-1"]
[WhiteElo "1338"]
[BlackElo "1740"]

1. d4 Nf6 2. Bg5 d5 3. e3 h6 4. Bh4 Nc6 5. Bb5 Bd7 6. Nf3 a6 7. Ba4 b5 8. Bb3 e6
9. g4 Be7 10. Ne5 Nxe5 11. g5 hxg5 12. Bxg5 Ne4 13. Bxe7 Qxe7 14. f3 Nxf3+ 15.
Qxf3 Qh4+ 16. Ke2 e5 17. dxe5 Bg4 18. Nd2 Bxf3+ 19. Nxf3 Qf2+ 20. Kd3 Qxf3 21.
Bxd5 Rh3 22. Bxe4 Qxe3# 0-1

[Event "AUTO-OPEN-2217"]
[Site "http://www.queenalice.com/game.php?id=880998"]
[Date "2011.1.4"]
[Round "1"]
[White "sasquatico"]
[Black "jlosar"]
[Result "1-0"]
[WhiteElo "1723"]
[BlackElo "1333"]

1. e4 e6 2. d4 c6 3. Nf3 Bb4+ 4. c3 Ba5 5. Bd3 b5 6. b4 Bb6 7. O-O d5 8. e5 g6
9. a4 h5 10. a5 Bc7 11. Bg5 f6 12. Bxf6 Nxf6 13. exf6 Qxf6 14. Nbd2 O-O 15. Ne5
Bxe5 16. dxe5 Qxe5 17. Bxg6 Nd7 18. Bxh5 Nf6 19. Bf3 Rf7 20. Re1 Qxc3 21. Rb1 e5
22. Re3 Qd4 23. Rbb3 Bh3 24. gxh3 Rg7+ 25. Bg2 Kf7 26. Red3 Rxg2+ 27. Kxg2 Rg8+
28. Rg3 Ne4 29. Rxg8 Qxf2+ 30. Kh1 Nxd2 31. Rg2 Qf4 32. Rxd2 d4 33. Rf3 Qxf3+
34. Qxf3+ 1-0

[Event "AUTO-INT-1914"]
[Site "http://www.queenalice.com/game.php?id=881095"]
[Date "2011.1.4"]
[Round "1"]
[White "Severynnas"]
[Black "jlosar"]
[Result "1/2-1/2"]
[WhiteElo "1317"]
[BlackElo "1334"]

1. e4 e6 2. f4 Bb4 3. a3 Ba5 4. Bc4 d5 5. Ne2 dxc4 6. O-O c5 7. g4 h5 8. g5 c3
9. Nbxc3 Bb6 10. Kg2 h4 11. h3 e5 12. Nd5 exf4 13. b3 Qxg5+ 14. Kh2 Nd7 15. Nec3
Ne5 16. Rg1 Qh5 17. Qxh5 Rxh5 18. d3 Nf3+ 19. Kg2 Ne5 20. Nc7+ Bxc7 21. a4 f3+
1/2-1/2

[Event "AUTO-INT-1914"]
[Site "http://www.queenalice.com/game.php?id=881096"]
[Date "2011.1.4"]
[Round "1"]
[White "jlosar"]
[Black "Severynnas"]
[Result "0-1"]
[WhiteElo "1329"]
[BlackElo "1281"]

1. d4 f5 2. Bg5 h6 3. Bh4 g5 4. Bg3 d6 5. d5 Nf6 6. c4 c6 7. c5 cxd5 8. cxd6
exd6 9. e3 Be6 10. Bb5+ Nc6 11. Ne2 Qa5+ 12. Nec3 O-O-O 13. O-O a6 14. Bxc6 bxc6
15. a3 Kc7 16. b4 Qb6 17. b5 cxb5 18. a4 bxa4 19. Qc2 d4 20. Nd5+ Kb7 21. Nxb6
dxe3 22. Qb2 d5 23. Nxd5+ Ka7 0-1

[Event "AUTO-INT-1914"]
[Site "http://www.queenalice.com/game.php?id=881113"]
[Date "2011.1.4"]
[Round "1"]
[White "Kuroi"]
[Black "jlosar"]
[Result "1-0"]
[WhiteElo "1623"]
[BlackElo "1307"]

1. e4 e5 2. Nf3 Bb4 3. g3 c5 4. Bg2 Nf6 5. Nxe5 d6 6. Nd3 O-O 7. e5 dxe5 8. Nxe5
Qe8 9. Qe2 Be6 10. Bxb7 Bd5 11. Bxa8 Bxa8 12. O-O Qe6 13. c3 Qd5 14. f3 Ba5 15.
c4 Qd4+ 16. Rf2 Re8 17. f4 1-0

[Event "AUTO-INT-1914"]
[Site "http://www.queenalice.com/game.php?id=881114"]
[Date "2011.1.4"]
[Round "1"]
[White "jlosar"]
[Black "Kuroi"]
[Result "0-1"]
[WhiteElo "1311"]
[BlackElo "1619"]

1. d4 d5 2. Bg5 g6 3. c3 Bg7 4. e3 h6 5. Bh4 g5 6. Bg3 Nf6 7. Bb5+ c6 8. Ba4 b5
9. Bb3 Na6 10. f4 Bg4 11. Ne2 Ne4 12. h3 Bxe2 13. Qxe2 Nxg3 14. Qd1 Nxh1 15.
fxg5 hxg5 16. a4 Qa5 17. Bc2 O-O 0-1

[Event "AUTO-BEG-451"]
[Site "http://www.queenalice.com/game.php?id=881664"]
[Date "2011.1.5"]
[Round "1"]
[White "murphyfish"]
[Black "jlosar"]
[Result "1-0"]
[WhiteElo "1362"]
[BlackElo "1325"]

1. e4 e5 2. d3 Bb4+ 3. Nc3 Ba5 4. Nf3 d6 5. Be3 Nf6 6. Be2 Bg4 7. O-O h5 8. a4
h4 9. h3 Bxh3 10. gxh3 Rh6 11. d4 Ng4 12. Ng5 Nxe3 13. fxe3 Qxg5+ 14. Bg4 Qxe3+
15. Rf2 Rg6 16. Nd5 Qxh3 17. Rg2 Bb6 18. c3 exd4 19. Bxh3 c6 20. a5 dxc3+ 21.
Kh2 cxd5 22. exd5 Bc7 23. Qe2+ Kd8 24. Ra4 b5 25. Re4 Bxa5 26. Re8+ Kc7 27. Qxb5
Nd7 28. Qxd7+ Kb6 29. Rxa8 Rxg2+ 30. Kxg2 1-0

[Event "AUTO-BEG-451"]
[Site "http://www.queenalice.com/game.php?id=881665"]
[Date "2011.1.5"]
[Round "1"]
[White "jlosar"]
[Black "murphyfish"]
[Result "1-0"]
[WhiteElo "1317"]
[BlackElo "1441"]

1. d4 e6 2. Nf3 d5 3. h4 Be7 4. c3 Nf6 5. e3 O-O 6. h5 h6 7. e4 Nxe4 8. Ne5 Nc6
9. Bxh6 gxh6 10. Qg4+ Bg5 11. f4 f6 12. fxg5 f5 13. Qh3 hxg5 14. h6 Kh7 15. g4
f4 16. Bd3 Ne7 17. Qh5 a5 18. Bxe4+ Nf5 19. gxf5 exf5 20. Qg6+ Kh8 21. Qg7# 1-0